logo

Bir Sreshtho Munshi Abdur Rouf Library
Jhenaidah Cadet College

Techniques and apparatus for the science teacher / (Record no. 649)

MARC details
000 -LEADER
fixed length control field 00697nam a2200241 a 4500
001 - CONTROL NUMBER
JCCL Control Number 649
003 - CONTROL NUMBER IDENTIFIER
JCCL marc code BD-JhCC
005 - DATE AND TIME OF LATEST TRANSACTION
control field 20171008125450.0
008 - FIXED-LENGTH DATA ELEMENTS--GENERAL INFORMATION
fixed length control field 500101s1965 enka 001 0 eng d
035 ## - SYSTEM CONTROL NUMBER
system control number (BD-JhCC) 649
040 ## - CATALOGING SOURCE
Original cataloging agency YDM
Transcribing agency YDM
Modifying agency UKM
-- EQO
-- BD-JhCC
041 ## - LANGUAGE CODE
Language code of Book eng
082 ## - DEWEY DECIMAL CLASSIFICATION NUMBER
Classification number 507.24
Author mark and Year BEL 1965
100 1# - MAIN ENTRY--PERSONAL NAME
Personal name Beleson, A. G.
245 10 - TITLE STATEMENT
Title Techniques and apparatus for the science teacher /
Statement of responsibility, etc [by] A.G. Beleson and H. Creaser
260 ## - PUBLICATION, DISTRIBUTION, ETC. (IMPRINT)
Place of publication, distribution, etc London :
Name of publisher, distributor, etc Oxford University,
Date of publication, distribution, etc 1965
300 ## - PHYSICAL DESCRIPTION
Pagination v, 160 p. :
Other physical details ill. ;
Dimensions 22 cm.
650 #0 - SUBJECT ADDED ENTRY--TOPICAL TERM
Topical term or geographic name as entry element Science
General subdivision Study and teaching
650 #0 - SUBJECT ADDED ENTRY--TOPICAL TERM
Topical term or geographic name as entry element Scientific apparatus and instruments
700 1# - ADDED ENTRY--PERSONAL NAME
Personal name Creaser, Henry
942 ## - ADDED ENTRY ELEMENTS (KOHA)
Source of classification or shelving scheme Dewey Decimal Classification
Koha item type Books
Holdings
Source of classification or shelving scheme Damaged status Not for loan Home library Current library Shelving location Date of accession Total Checkouts Full call number Barcode Date last seen Copy number Koha item type
Dewey Decimal Classification     JCC Rouf Library JCC Rouf Library General Stacks 10/08/2017   507.24 BEL 1965 923 10/08/2017 C-1 Books
Dewey Decimal Classification     JCC Rouf Library JCC Rouf Library General Stacks 10/08/2017   507.24 BEL 1965 922 10/08/2017 C-2 Books
Dewey Decimal Classification     JCC Rouf Library JCC Rouf Library General Stacks 10/08/2017   507.24 BEL 1965 924 10/08/2017 C-3 Books

JCC Library | Contacts | JCC Home

Last Update on 23 September 2017
Copyright @ 2017-2020 JCC Rouf Library
Rouf Library, Jhenidah Cadet College (JCC), Bangladesh